| 000 -LEADER |
| fixed length control field |
01040nam a22002057a 4500 |
| 003 - CONTROL NUMBER IDENTIFIER |
| control field |
OSt |
| 005 - DATE AND TIME OF LATEST TRANSACTION |
| control field |
20260122200318.0 |
| 008 - FIXED-LENGTH DATA ELEMENTS--GENERAL INFORMATION |
| fixed length control field |
230601b ||||| |||| 00| 0 eng d |
| 040 ## - CATALOGING SOURCE |
| Transcribing agency |
SSBUL |
| 041 ## - LANGUAGE CODE |
| Language code of text/sound track or separate title |
Shan |
| 082 ## - DEWEY DECIMAL CLASSIFICATION NUMBER |
| Edition number |
23 |
| Classification number |
294.34435 |
| 100 0# - MAIN ENTRY--PERSONAL NAME |
| Personal name |
သုၶမ်း (တၢင်ႉယၢၼ်း)၊ |
| Titles and words associated with a name |
ၸဝ်ႈ။ |
| 245 10 - TITLE STATEMENT |
| Title |
တြႃးဝိပသ်သၼႃႇၵမ်ႇမထၢၼ်းလႄႈ ၵၢပ်ႈပၢၼ်ယၢမ်းလဵဝ် - |
| Remainder of title |
တြႃးၽႃႇဝၼႃႇ တႃႇႁွတ်ႈၼိပ်ႉပၢၼ်ႇ / |
| Statement of responsibility, etc. |
ၸဝ်ႈသုၶမ်း(တၢင်ႉယၢၼ်း)၊ ၶူးဝႃးဝုၼ်းၸုမ်ႉ(မိူင်းၽူင်း)။ |
| 300 ## - PHYSICAL DESCRIPTION |
| Extent |
100 ၼႃႈ၊ |
| Other physical details |
ပႃးၶႅပ်းႁၢင်ႈ၊ |
| Dimensions |
18 ၸိၼ်ႇတီႇ။ |
| 500 ## - GENERAL NOTE |
| General note |
S-SAT: Dr. Prof Sai Aung Tun |
| 650 ## - SUBJECT ADDED ENTRY--TOPICAL TERM |
| Topical term or geographic name entry element |
လွင်ႈၼင်ႈၵၢၼ်တြႃး - ဝိပသ်ႉသၼႃႇ |
| 942 ## - ADDED ENTRY ELEMENTS (KOHA) |
| Koha item type |
Books (Long term) |
| 100 0# - MAIN ENTRY--PERSONAL NAME |
| 9 (RLIN) |
24927 |
| 650 ## - SUBJECT ADDED ENTRY--TOPICAL TERM |
| 9 (RLIN) |
24928 |
|
| Source of classification or shelving scheme |
|
|
| Source of classification or shelving scheme |
|